1001 câu hỏi - đáp kiến thức khoa học phổ thông

Gồm các câu hỏi và trả lời về kiến thức khoa học phổ thông thuộc rất nhiều lĩnh vực như toán học, vật lý, hóa học, văn học, địa lý,... được trình bày dưới dạng hỏi - đáp.; TM tài liệu tham khảo tr. 342...

詳細記述

保存先:
書誌詳細
第一著者: Lê, Thanh Tùng
フォーマット: 図書
言語:Undetermined
出版事項: H. Thanh niên 2018
主題:
オンライン・アクセス:http://lrc.tdmu.edu.vn/opac/search/detail.asp?aID=2&ID=32929
タグ: タグ追加
タグなし, このレコードへの初めてのタグを付けませんか!
Thư viện lưu trữ: Trung tâm Học liệu Trường Đại học Thủ Dầu Một
LEADER 00981nam a2200205Ia 4500
001 TDMU_32929
008 210410s9999 xx 000 0 und d
082 |a 004.167 
090 |b L250 
100 |a Lê, Thanh Tùng 
245 0 |a 1001 câu hỏi - đáp kiến thức khoa học phổ thông 
245 0 |c Lê Thanh Tùng (b.soạn) 
260 |a H. 
260 |b Thanh niên 
260 |c 2018 
300 |a 343 tr 
520 |a Gồm các câu hỏi và trả lời về kiến thức khoa học phổ thông thuộc rất nhiều lĩnh vực như toán học, vật lý, hóa học, văn học, địa lý,... được trình bày dưới dạng hỏi - đáp.; TM tài liệu tham khảo tr. 342 
650 |a Khoa học phổ thông  |x Kiến thức  |v Hỏi đáp 
856 |u http://lrc.tdmu.edu.vn/opac/search/detail.asp?aID=2&ID=32929 
980 |a Trung tâm Học liệu Trường Đại học Thủ Dầu Một